| 000 | 00799nam a22002057a 4500 | ||
|---|---|---|---|
| 005 | 20240820161904.0 | ||
| 008 | 240820e2009 ck abc||r|||| 00| 0 spa d | ||
| 020 | _a9789580512202 | ||
| 040 |
_aCO-JMCR _cCO-JMCR _dCO-JMCR _erda |
||
| 041 | _aspa | ||
| 082 |
_223° edición _a940.1 _bF22e |
||
| 100 |
_eautor _aFarieta Sarria , Germán _943817 |
||
| 245 |
_aEdad media ; _bDiez siglos de historia (ss. V-XV) : _cGermán Farieta Sarria ; dirección editorial Yolanda Correal López |
||
| 260 |
_aBogotá : _bGrupo editorial educar , _c2009 |
||
| 300 |
_a216 páginas : _bIlustraciones, Mapas, Retratos _c20 cm |
||
| 650 | 1 | 4 |
_2Edad media _xHistoria _ySiglos V-XV _943818 |
| 650 | 2 | 4 |
_2Imperio bizantino _xHistoria _ySiglos V-XV _943818 |
| 651 | 4 |
_aEuropa _xHistoria _ySiglos V-XV _943819 |
|
| 942 |
_2ddc _cBK |
||
| 999 |
_c30817 _d17201 |
||